000 00414nam a2200181Ia 4500
005 20250423100247.0
008 250422s9999 xx 000 0 und d
020 _a9789351455158
050 _aKL 131 .M3/
100 _aMalik, Abhinandan
245 0 _aMoot courts and Mooting
250 _a1st ed.
260 _aIndia
260 _bEastern book company
260 _c2017
300 _a376 p
942 _cBK
999 _c32767
_d32767